1851 1832 1178 1708 1047 1736 1225 1331 1292 1460 1032 1198 1480 1733 1391 1250 1701 1948 1920 1264 1231 1450 1026 1093 1160 1054 1224 1416 1814 1994 1484 1447 1327 1062 1049 1213 1327 1737 1444 1671 1384 1797 1979 1313 1361 1998 1551 1028 1840 1125 1419 1169 1001 1099 1738 1050 1496 1730 1059 1267 1349 1266 1710 1780 1386 1439 1243 1551 1516 1692 1420 1375 1589 1391 1147 1070 1923 1398 1631 1183 1082 1823 1231 1571 1023 1000 1005 1360 1480 1243 1409 1124 1650 1965 1700 1299 1771 1107 1495 BCNSPRNW ULIB Ver.6.0+V

เปลี่ยนเป็นภาษาไทย

Change to English
 แสดงรายละเอียดบรรณานุกรม
  กลับหน้าหลัก

Brief Record : Get Marc (ISO 2709) : E-mail record : QR code < ปิดหน้าต่าง
LEADER : 00000nam 2200000uu 4500
001    13399121081
003     ULIB
008    020711s2554 th a 000 0 tha d
020    9786167017716
090    นว.^bก631ม
100    กิ่งพยอม
245    มนต์ตราหิมาลัย/^cกิ่งพยอม
260    กรุงเทพฯ :^bอักษรศาสตร์,^c2554
300    396 หน้า
945    ^p279^l0^i19553
999    ^aทศพร เกษรทอง
รายการนี้ยังไม่มีแท็ก
คุณยังไม่ได้ล็อกอิน คุณสามารถมีกิจกรรมร่วมกับเว็บไซต์ได้ แต่ต้องล็อกอินก่อน ::
  ล็อกอิน

รายการสื่อสารสนเทศ

ลำดับที่ ประเภท เลขเรียก/บาร์โค้ด สถานที่ สถานะ
1. นวนิยาย
นวนิยาย
นว. ก631ม  
  Barcode: 19553
ห้องสมุดวิทยาเขตสวรรค์ประชารักษ์
►นวนิยาย
บนชั้น
  ขอยืม

รายการใกล้เคียง
    ผู้แต่ง [กิ่งพยอม]

BibComment


ยังไม่เคยถูกคอมเมนท์

คอมเมนท์ทรัพยากรรายการนี้
  คอมเมนท์: มนต์ตราหิมาลัย กิ..


 Copyright 2026. Bcnsprnw @Library